Quiz sur l'Empire marathe - Statistiques

Statistiques générales
  • Ce quiz a été pris 88 fois
  • Le résultat moyen est 4 sur 15
Statistiques - réponses
Question Réponse % Correct
Pays actuel dans lequel il est fondé Inde
99%
Empire qui a conquis l'Empire marathe Empire {britannique}
79%
Empire qui détenait la région jusqu'alors Empire {moghol}
78%
Monnaie de l'Empire marathe Roupie
29%
Langue de l'Empire, toujours utilisé aujourd'hui Marathi
28%
Autre nom de l'Empire marathe {Confédération} marathe
21%
Empire qui a mis fin à l'avancée de l'Empire marathe à la Troisième bataille de Panipat Empire {durrani}
17%
Ce dernier était alors dirigé par cet empereur Aurangzeb
15%
Capitale de l'Empire de 1750 à 1819 Pune
15%
Royaume, allié avec la France, qui a été opposé à l'Empire britannique et à l'Empire marathe tout au long du XVIII ème siècle Royaume de {Mysore}
15%
État de l'ouest de ce pays dans lequel il est fondé Maharashtra
13%
Année de sa fondation 1674
10%
Fondateur de l'Empire marathe Shivâjî Bhonslé
8%
Nom donné aux Premiers ministres de l'Empire marathe Peshwâ
4%
Titre honorifique ou impérial donné à un dirigeant indien Chhatrapati
3%
Aucun quiz correspondant
Distribution des résultats
% des personnes avec chaque résultat
Percentile par nombre de réponses
Votre historique - résultats
Vous n’avez pas pris ce quiz